| Tag |
First Indicator |
Second Indicator |
Subfields |
| LEADER |
00000cam a2200000 4500 |
| 001 |
in00000064435 |
| 005 |
20151008051811.0 |
| 008 |
731207s1963 nyu 00000 eng u |
| 010 |
|
|
|a 64004464
|
| 035 |
|
|
|a (OCoLC)00756489
|
| 035 |
|
|
|9 AAH0065AM
|
| 040 |
|
|
|c CSU
|d TXA
|d UtOrBLW
|
| 049 |
|
|
|a TXAM
|c [453289]
|
| 050 |
|
0 |
|a HC435
|b .M24
|
| 082 |
0 |
|
|a 338.954
|
| 092 |
|
|
|a 338.954
|b M214t
|
| 100 |
1 |
|
|a Mahalanobis, P. C.
|q (Prasanta Chandra),
|d 1893-1972.
|
| 245 |
1 |
4 |
|a The approach of operational research to planning in India /
|c [by] P. C. Mahalanobis.
|
| 264 |
|
1 |
|a New York :
|b Asia Pub. House,
|c [1963]
|
| 264 |
|
4 |
|c [©1963]
|
| 300 |
|
|
|a vi,168p. ;
|c 25cm.
|
| 336 |
|
|
|a text
|b txt
|2 rdacontent
|
| 337 |
|
|
|a unmediated
|b n
|2 rdamedia
|
| 338 |
|
|
|a volume
|b nc
|2 rdacarrier
|
| 490 |
0 |
|
|a Indian statistical series, no.18
|
| 651 |
|
0 |
|a India
|x Economic policy.
|
| 999 |
|
|
|a MARS
|
| 999 |
f |
f |
|s d0f4394b-4c8d-3a6d-879d-48f4e848cc0b
|i dc918f5f-503c-34de-bca0-5df71aa5f108
|t 0
|
| 952 |
f |
f |
|p ric
|a Texas A&M University
|b Rellis Campus
|c Joint Library Facility
|d Remote Storage
|t 0
|e HC435 .M24
|h Library of Congress classification
|i unmediated -- volume
|m A14800775173
|
| 998 |
f |
f |
|a HC435 .M24
|t 0
|l Remote Storage
|